LEADER 03546oam 2200649zu 450 001 9910131793003321 005 20210807004840.0 010 $a2-8218-2673-7 010 $a2-8218-1781-9 024 7 $a10.4000/books.pupo.656 035 $a(CKB)3460000000122238 035 $a(SSID)ssj0001541944 035 $a(PQKBManifestationID)11863091 035 $a(PQKBTitleCode)TC0001541944 035 $a(PQKBWorkID)11535400 035 $a(PQKB)11065559 035 $a(WaSeSS)IndRDA00046275 035 $a(FrMaCLE)OB-pupo-656 035 $a(oapen)https://directory.doabooks.org/handle/20.500.12854/57938 035 $a(PPN)182839346 035 $a(oapen)doab57938 035 $a(EXLCZ)993460000000122238 100 $a20160829d2011 uy 101 0 $afre 135 $aur||||||||||| 181 $ctxt 182 $cc 183 $acr 200 00$aRéflexions sur le pluralisme familial 210 $cPresses universitaires de Paris Nanterre$d2011 210 31$a[Place of publication not identified]$cPresses universitaires de Paris Ouest$d2011 215 $a1 online resource (242 pages) 225 1 $aSciences juridiques et politiques 300 $aBibliographic Level Mode of Issuance: Monograph 311 08$a2-84016-065-X 330 $aIl n?est pas une, mais des manières de fonder, de vivre et de défaire le lien familial. Construite autour d?un enfant ou d?un couple, marié ou non, hétéro ou homosexuel, la famille, hiérarchisée ou égalitaire, parfois polygame, monoparentale, nucléaire ou élargie, unie ou désunie, séparée, regroupée, recomposée?se décline au pluriel. Ce pluralisme familial, qui découle des conceptions idéologiques, politiques, religieuses, culturelles, parfois même économiques de chacun est plus que jamais vivace. Il trouve les causes de son développement dans le jeu des volontés individuelles, les vicissitudes de la vie familiale et s?amplifie aujourd?hui dans un contexte de circulation accrue des personnes et des informations. Il fournit un thème de réflexion très riche : quelles sont les expressions du pluralisme familial et les difficultés qu?il génère ? Quelle est l?attitude du droit face à ce phénomène ? L?ignore-t-il ? Le prend-il en considération et de quelle manière ? Comment tente-t-il de résoudre les conflits que peut faire naître le pluralisme familial au niveau interne comme dans des situations transnationales ? La variété des droits considérés (français, belge, hellénique, britannique, serbe, italien, indien et malien) et des questions envisagées sont à l?image d?une conception de la recherche juridique qui s?efforce de favoriser le dialogue des cultures et de décloisonner les approches. 410 0$aCollection Sciences juridiques et politiques. 606 $aSocial Welfare & Social Work$2HILCC 606 $aSocial Sciences$2HILCC 606 $aSocial Welfare & Social Work - General$2HILCC 610 $aassistance médicale à la procréation 610 $aparentalité 610 $amodèle familial 610 $apolygamie 610 $ahomoparentalité 610 $apluralisme familial 610 $afiliation 615 7$aSocial Welfare & Social Work 615 7$aSocial Sciences 615 7$aSocial Welfare & Social Work - General 700 $aOdile Roy (dir.)$4auth$01356311 702 $aRoy$b Odile 801 0$bPQKB 906 $aBOOK 912 $a9910131793003321 996 $aRéflexions sur le pluralisme familial$93360653 997 $aUNINA